000 00353nam a2200145Ia 4500
005 20251222154425.0
008 251222s9999||||xx |||||||||||||| ||spa||
020 _a8466302476
082 _a868/P46
100 _aPérez-Reverte, Arturo
245 0 _aPatente de Corso (1993-1998)
250 _a1ra.ed.
264 _bSuma de Letras, S.L.
942 _cLIB
999 _c36180
_d36180